Kertas Mesyuarat Penilaian Pelaksanaan KBSR

Bibliographic Details
Main Author: Zakaria Haji Derani (Author)
Corporate Author: Mesyuarat Penilaian Pelaksanaan KBSR (1983 : Kuantan)
Format: Book
Published: Raub Pejabat Pelajaran Daerah 1988
Subjects:

MARC

LEADER 00000cam a2200000 7i4500
001 0000003045
008 021118n
090 0 0 |a LB1507  |b .Z7 sem 
100 0 |a Zakaria Haji Derani  |e author 
245 0 0 |a Kertas Mesyuarat Penilaian Pelaksanaan KBSR   |c Zakaria bin Haji Derani 
260 2 |a Raub   |b Pejabat Pelajaran Daerah  |c 1988 
300 |a 44 ms. ;  |c 29 sm. 
650 0 |a Education, Primary  |z Malaysia 
650 0 |a Kurikulum Baru Sekolah Rendah 
710 0 0 |a Mesyuarat Penilaian Pelaksanaan KBSR (1983 : Kuantan) 
999 |a 1000048004  |b Book  |c Open Shelf (7 days)  |e Gong Badak Campus